आलोचना का द्वंद्ध : (Record no. 112656)

MARC details
000 -LEADER
fixed length control field 01150nam a22002537a 4500
005 - DATE AND TIME OF LATEST TRANSACTION
control field 20170124102942.0
010 ## - LIBRARY OF CONGRESS CONTROL NUMBER
LC control number A-989950
020 ## - INTERNATIONAL STANDARD BOOK NUMBER
Terms of availability 200.00
International Standard Book Number 8170556678
035 ## - SYSTEM CONTROL NUMBER
System control number A-989950
037 ## - SOURCE OF ACQUISITION
Source of stock number/acquisition Cen Lib/Ret
040 ## - CATALOGING SOURCE
Original cataloging agency DPL
Language of cataloging HN
082 ## - DEWEY DECIMAL CLASSIFICATION NUMBER
Classification number 820.8
Item number अवस्थी
100 ## - MAIN ENTRY--PERSONAL NAME
Personal name अवाद्थी, देवीशंकर
9 (RLIN) 48596
245 ## - TITLE STATEMENT
Title आलोचना का द्वंद्ध :
Statement of responsibility, etc देवीशंकर अवस्थी
Remainder of title रचना और समय से एक संवाद /
246 ## - VARYING FORM OF TITLE
Title proper/short title Aalochna ka dwind : rachna aur samay se ek sanwad /
Remainder of title by Devishankar Awasthi
260 ## - PUBLICATION, DISTRIBUTION, ETC. (IMPRINT)
Place of publication, distribution, etc नई दिल्ली
Name of publisher, distributor, etc वाणी प्रकाशन
Date of publication, distribution, etc 1999
270 ## - ADDRESS
Address 21-ए, दरियागंज
City नई दिल्ली
Postal code 110002
300 ## - PHYSICAL DESCRIPTION
Extent 203पृ.
Dimensions 20सेमी (सजिल्द)
650 ## - SUBJECT ADDED ENTRY--TOPICAL TERM
Topical term or geographic name as entry element हिन्दी -- साहित्य
9 (RLIN) 48597
650 ## - SUBJECT ADDED ENTRY--TOPICAL TERM
Topical term or geographic name as entry element हिन्दी -- कथा -- कविता
9 (RLIN) 45972
650 ## - SUBJECT ADDED ENTRY--TOPICAL TERM
Topical term or geographic name as entry element Hindi - literature
9 (RLIN) 48598
650 ## - SUBJECT ADDED ENTRY--TOPICAL TERM
Topical term or geographic name as entry element Hindi -- fiction - poetry
9 (RLIN) 48599
942 ## - ADDED ENTRY ELEMENTS (KOHA)
Source of classification or shelving scheme Dewey Decimal Classification
Koha item type Hindi Books
Classification part 820.8
Call number suffix अवस्थी
Holdings
Withdrawn status Lost status Damaged status Not for loan Home library Current library Date acquired Source of acquisition Cost, normal purchase price Total Checkouts Full call number Barcode Date last seen Copy number Cost, replacement price Price effective from Koha item type
        Central Library Central Library 10/08/2015 Cen Lib/Ret 200.00   820.8 अवस्थी A-989950 10/08/2015 1 200.00 10/08/2015 Hindi Books

© Delhi Public Library
Hit Counter
free hit counter